Statistiques concernant Clubs de MLS (Est)

Cliquez ici pour prendre le quiz!

Statistiques générales

  • Ce quiz a été pris 48 fois
  • Le résultat moyen est 12 sur 15

Statistiques - réponses

Réponse% Correct
CIF Miami
100%
Atlanta United FC
98%
Orlando City SC
98%
New York RB
93%
Toronto FC
93%
Chicago Fire FC
90%
CF Montréal
86%
DC United
81%
Nashville SC
81%
New York City FC
79%
Union Philadelphie
79%
FC Cincinnati
74%
Charlotte FC
62%
New England
62%
Crew Columbus
45%

Distribution des résultats

Percentile par nombre de réponses

% des personnes avec chaque résultat

Votre développement - résultats

Vous n’avez pas pris ce quiz